Trece poemas

Sábháilte in:
Sonraí bibleagrafaíochta
Príomhchruthaitheoir: Valjalo, David
Formáid: LEABHAR
Teanga:Undetermined
Foilsithe / Cruthaithe: California, Estados Unidos La Frontera 1966
Ábhair:
Clibeanna: Cuir clib leis
Níl clibeanna ann, Bí ar an gcéad duine le clib a chur leis an taifead seo!

MARC

LEADER 00000nam a2200000Ia 4500
008 170316s9999 xx 000 0 und d
040 |a cru BVZT 
090 |a 860 V-3t 
100 |a Valjalo, David 
245 |a Trece poemas 
260 |a California, Estados Unidos 
260 |b La Frontera 
260 |c 1966 
300 |a 23 páginas 
650 |a LITERATURA LATINOAMERICANA 
999 |c 9310  |d 9310 
942 |c 15 D  |h 860 V-3t  |2 z